000 00546nam a22001937a 4500
003 KOHA_MİRAKIL
005 20251024180352.0
008 251024b tu ||||| |||| 00| 0 tur d
020 _a9789750724084
040 _aTR-AnABB
_btur
_cTR-AnABB
041 _atur
082 _a813.42
_bSAR 2024
100 1 _aSarısayın, Ayşe,
245 1 0 _aAnsızın günbatımı /
_cAyşe Sarısayın
260 _aİstanbul :
_bCan Sanat Yayınları,
_c2024
300 _a244 sayfa ;
_c24 cm
650 0 4 _aTürk edebiyatı, roman
942 _2ddc
_cBK
999 _c9231
_d9231
900 _bGizem YORULMAZ